| 000 | 00548nam a2200181Ia 4500 | ||
|---|---|---|---|
| 003 | SGT | ||
| 020 | _a9788120322073 | ||
| 082 |
_a4.165 _bTRI |
||
| 100 | _aTriebel,Walter A | ||
| 245 | 4 | _aThe 8088 and 8086 microprocessors | |
| 250 | _a4th Ed. | ||
| 260 |
_bPHI Learning Private Limited _aNew Delhi _c2003 |
||
| 300 | _a1019p. | ||
| 650 | _aCOMPUTER SCIENCE | ||
| 653 | _aINTRODUCTION TO MICROPROCESSORS AND MICROCOMPUTERS, ASSEMBLY LANGUAGE PROGRAMMING, MEMORY DEVICES,CIRCUITS,AND SUBSYSTEM DESIGN | ||
| 700 | _aSingh,Avtar | ||
| 942 |
_2ddc _cBK |
||
| 999 |
_c5045 _d5045 |
||